Educational Thoughts: (Record no. 196856)
[ view plain ]
| 000 -LEADER | |
|---|---|
| fixed length control field | 00536nam a22001697a 4500 |
| 005 - DATE AND TIME OF LATEST TRANSACTION | |
| control field | 20230804112641.0 |
| 010 ## - LCCN (DPL NO) | |
| LC control number | ENG-137669 |
| 020 ## - INTERNATIONAL STANDARD BOOK NUMBER | |
| International Standard Book Number | 9788185488247 |
| Terms of availability | 150.00 |
| 035 ## - SYSTEM CONTROL NUMBER | |
| System control number | EN-121201 |
| 037 ## - SOURCE OF ACQUISITION | |
| Source of stock number/acquisition | University Book House Pvt. Ltd. |
| 100 ## - MAIN ENTRY--PERSONAL NAME | |
| Personal name | Goyal,S.M. |
| 245 ## - TITLE STATEMENT | |
| Title | Educational Thoughts: |
| Remainder of title | Food For Thoughts / |
| Statement of responsibility, etc | by S.M. Goyal |
| 260 ## - PUBLICATION, DISTRIBUTION, ETC. (IMPRINT) | |
| Place of publication, distribution, etc | Jaipur |
| Name of publisher, distributor, etc | University Book House Pvt. Ltd. |
| Date of publication, distribution, etc | 2010 |
| 270 ## - ADDRESS | |
| Address | 79, Chaura Rasta, Jaipur |
| City | Jaipur |
| Postal code | 302003 |
| 300 ## - PHYSICAL DESCRIPTION | |
| Extent | 155p. |
| Dimensions | 21cm(pbk) |
| 942 ## - ADDED ENTRY ELEMENTS (KOHA) | |
| Source of classification or shelving scheme | Dewey Decimal Classification |
| Item type | English Books |
| Classification part | 370.1 |
| Call number suffix | GOY |
| Withdrawn status | Lost status | Not for loan | Collection code | Home library | Current library | Date acquired | Source of acquisition | Cost, normal purchase price | Full call number | Barcode | Copy number | Cost, replacement price | Koha item type |
|---|---|---|---|---|---|---|---|---|---|---|---|---|---|
| Non-fiction | Kadipur | Kadipur | 04/08/2023 | DBAD/PUB | 150.00 | 370.1 GOY | EN-121201 | 1 | 150.00 | English Books |
